01094 2200313 4500001002100000005001500021035002000036007000300056008004100059336002100100337002300121338003800144040002200182100003400204245009000238300003200328020002200360082002100382084002300403264004500426500006900471650004000540850001200580852002000592856007500612710004900687990002200736990002200758INLIS00000000087422220220929031516 a0010-0922001750ta220926s2016 jkia gsc 0 0 ind d 2rdacontentateks 2rdamediaakomputer 2rdacarrierasumber sambung jaring aYOPDYOGbinderda0 aDebbie S. SuryawanePengarang10aInspirasi batik Betawi :bkebaya si none /cDebbie S. Suryawan, Keluarga Batik Betawi a1 berkas komputer (20,7 MB) a978-602-03-2509-504223a391.20959822 a391.20959822 DEB i31aJakarta :bGramedia Pustaka Utama,c2016 aUntuk mengakses buku ini silakan unduh aplikasi http://ijogja.id 4aBusana dan Pakaian--xKebaya Betawi aYOPDYOG8 aaplikasi iJogja40nPerpustakaan Digital iJogjauhttp://ijogja.id/publications/books/228792 aKeluarga Batik BetawieBadan Penanggungjawab a003935-EPD/B.2017 a003936-EPD/B.2017